000 00296nam a2200133Ia 4500
008 240624s9999 xx 000 0 und d
041 _aeng
082 _a823 HAR
100 _aHARRIS ROBERT
245 _aLUSTRUM
260 _c2010
_aNew Delhi
_bRandom House
300 _a560 : p.
365 _cRS
999 _c17155
_d17155